00493 2200217 4500001002100000005001500021035002000036007000300056008004100059082000800100084001400108100001600122245003900138260003600177856001700213990000900230990000900239990000900248990000900257990000900266INLIS00000000000300220250729100129 a0010-0725000125ta250729 0 ind  a610 a610 TIM d0 aTim Redaksi1 aDaging tupai pengontrol gula darah aSurakarta :bDelta Media,c2010 aKoleksi Umum a8286 a9076 a9074 a8102 a9099